000
00271nam a22001217a 4500
008
171101b xxu||||| |||| 00| 0 eng d
041
_a
eng
080
_2
3 ED
_a
339.9
100
_a
59
101
_a
GLO
245
_a
THE GLOBALIZATION READER
_c
BOLI.J
942
_2
udc
_c
BK
999
_c
37149
_d
37149